000 02395cam a2200169 4500500
005 20260329022005.0
041 _afre
042 _adc
100 1 0 _aPrudhomme, Claude
_eauthor
245 0 0 _aLussunzi Vita Mbala, La société Kongo face à la colonisation portugaise (1885-1961). Un peuple en mouvement et une culture en mutation. Thèse sous la direction MM. les professeurs Guy Brunet et Claude Prudhomme, Université Lumière-Lyon 2, 2009
260 _c2013.
500 _a55
520 _aL’article décrit et analyse la réutilisation de l’histoire de la croisade albigeoise par les catholiques pour lutter contre le protestantisme. Celui-ci est qualifié d’hérésie dès ses débuts et est incorporé dans les catalogues d’hérésies, ce qui permet de le rattacher à des mouvements déjà condamnés. Dès 1547, mais surtout à partir de la fin des années 1550, l’attention est portée à la croisade albigeoise comme remède à la diffusion du protestantisme. Le parallèle s’accroît avec le tumulte d’Amboise et le début des guerres de religion. Les premières ligues, dans le sud-ouest et plus particulièrement à Toulouse, prennent le nom de « croisade », au moment où l’on publie des histoires de la croisade albigeoise. Le lien établi justifie de combattre les protestants par les armes.
520 _aThis article describes and analyses how Catholics re-used the narrative of the Albigensian crusade to fight Protestantism. The latter was qualified as heresy from its beginning and included in the catalogue of heresies, which allowed it to be linked to movements that had already been condemned. As early as 1547, but especially since the 1550s, attention was focused on the Albigensian crusade as a solution to the spread of Protestantism. The parallel was further strengthened with the Tumult of Amboise and the start of the Wars of Religion. The first leagues in the South-West of France, especially Toulouse, took on the name of “crusade” just as accounts of the Albigensian crusade were being published. The link that was established became the justification to take up arms against the Protestants.
786 0 _nHistoire, monde et cultures religieuses | 25 | 1 | 2013-09-10 | p. 185e-186e | 2267-7313
856 4 1 _uhttps://shs.cairn.info/revue-histoire-monde-et-cultures-religieuses-2013-1-page-185e?lang=fr&redirect-ssocas=7080
999 _c1916816
_d1916816